Formulovanie stratégie v spoločnosti bakalárska práca

Salvato in:
Dettagli Bibliografici
Autore principale: Raslavská, Martina
Ente Autore: Podnikovohospodárska fakulta EU so sídlom v Košiciach. Katedra manažmentu
Altri autori: Mihalčová, Bohuslava, 1963-
Natura: Libro
Lingua:slovacco
Pubblicazione: Košice 2012
Tags: Aggiungi Tag
Nessun Tag, puoi essere il primo ad aggiungerne!!

MARC

LEADER 00000nbm a2200000 4500
001 0155570
005 20161109111901.3
041 0 |a slo 
044 |a SK 
245 1 0 |a Formulovanie stratégie v spoločnosti  |b bakalárska práca  |c Martina Raslavská ; školiteľ: Bohuslava Mihalčová 
264 1 |a Košice  |c 2012 
300 |a 51 s. 
100 1 |a Raslavská, Martina 
700 1 |a Mihalčová, Bohuslava, 1963- 
710 2 |a Podnikovohospodárska fakulta EU so sídlom v Košiciach. Katedra manažmentu